[Event "Aut_2.Bundesliga_Ost_2004/05"]
[Site "Eichgraben(1+2) Wien(3+4) Wien"]
[Date "2004.10.10"]
[Round "2"]
[Board "4"]
[White "Hechl, Gerald"]
[Black "Smolen, Jan"]
[Result "1/2-1/2"]
[WhiteElo "2252"]
[BlackElo "2334"]
[PlyCount "88"]

1.e4 d5 2.exd5 Qxd5 3.Nc3 Qa5 4.Bc4 Nf6 5.d3 c6 6.Nf3 Bg4 7.h3 Qh5 8.Bf4 Bxf3
9.Qxf3 Qxf3 10.gxf3 Nbd7 11.d4 Nb6 12.Bb3 Nfd5 13.Nxd5 Nxd5 14.Bxd5 cxd5 15.Kd2
e6 16.Rhg1 f6 17.Rae1 Kf7 18.Re3 Bb4+ 19.Kd1 Ba5 20.Rb3 Bb6 21.a4 g5 22.Be3 Rhe8
23.Rb5 Rab8 24.f4 h6 25.h4 gxh4 26.f5 Bc7 27.fxe6+ Kxe6 28.Rh1 a6 29.Rb3 b5
30.Rc3 Kd7 31.Rxc7+ Kxc7 32.Bf4+ Kd7 33.Bxb8 Rxb8 34.Rxh4 Rh8 35.axb5 axb5
36.Ke2 Ke6 37.Rh5 b4 38.c3 bxc3 39.bxc3 Rh7 40.Kd3 Rh8 41.c4 dxc4+ 42.Kxc4 Kd6
43.d5 Ra8 44.Rxh6 Ra4+

[Event "Aut_2.Bundesliga_Ost_2004/05"]
[Site "Eichgraben(1+2) Wien(3+4) Wien"]
[Date "2004.10.10"]
[Round "2"]
[Board "5"]
[White "Kuthan, Andreas"]
[Black "Pichler, Michael"]
[Result "1-0"]
[WhiteElo "2235"]
[BlackElo "2179"]
[PlyCount "43"]

1.e4 e6 2.d4 d5 3.Nd2 dxe4 4.Nxe4 Bd7 5.Nf3 Bc6 6.Bd3 Nd7 7.O-O Ngf6 8.Ng3 Be7
9.b3 O-O 10.Bb2 Bxf3 11.Qxf3 c6 12.c4 Re8 13.Rfe1 Nf8 14.h4 Qc7 15.Rac1 Rac8
16.d5 exd5 17.Nf5 Qd7 18.cxd5 Ng6 19.h5 Nf8 20.d6 Bxd6 21.Nh6+ Kh8 22.Qxf6

[Event "Aut_2.Bundesliga_Ost_2004/05"]
[Site "Eichgraben(1+2) Wien(3+4) Wien"]
[Date "2004.11.20"]
[Round "3"]
[Board "1"]
[White "Gross, Stefan"]
[Black "Schlosser, Michael"]
[Result "1/2-1/2"]
[WhiteElo "2274"]
[BlackElo "2364"]
[PlyCount "50"]

1.Nf3 c5 2.c4 f5 3.g3 Nf6 4.Bg2 g6 5.O-O Bg7 6.Nc3 O-O 7.d4 Qa5 8.d5 d6 9.Bd2
Qd8 10.Rb1 Na6 11.a3 h6 12.Ne1 g5 13.Nd3 Qe8 14.e4 e5 15.dxe6 Qxe6 16.Qb3 Nxe4
17.Nxe4 fxe4 18.Rbe1 Qf7 19.Bxe4 Nc7 20.f4 Bh3 21.Rf2 Rae8 22.Bc3 b5 23.fxg5
Qxc4 24.Qxc4+ bxc4 25.Bxg7 Kxg7

[Event "Aut_2.Bundesliga_Ost_2004/05"]
[Site "Eichgraben(1+2) Wien(3+4) Wien"]
[Date "2004.11.20"]
[Round "3"]
[Board "2"]
[White "Wirius, Stefan"]
[Black "Neumeier, Klaus"]
[Result "1/2-1/2"]
[WhiteElo "2334"]
[BlackElo "2304"]
[PlyCount "29"]

1.c4 g6 2.Nc3 Bg7 3.e4 d6 4.d4 Nf6 5.h3 O-O 6.Nf3 e5 7.d5 Na6 8.Be3 c6 9.Nd2 Bd7
10.Be2 Kh8 11.a3 Ng8 12.dxc6 bxc6 13.b4 Nc7 14.Nb3 Qe7 15.b5

[Event "Aut_2.Bundesliga_Ost_2004/05"]
[Site "Eichgraben(1+2) Wien(3+4) Wien"]
[Date "2004.11.20"]
[Round "3"]
[Board "3"]
[White "Weissenbeck, Manuel"]
[Black "Hodysh, Yuriy"]
[Result "1/2-1/2"]
[WhiteElo "2254"]
[BlackElo "2166"]
[PlyCount "46"]

1.d4 Nf6 2.Nf3 e6 3.c4 b6 4.g3 Bd6 5.Qc2 Bb7 6.Bg2 c5 7.O-O cxd4 8.Nxd4 Bxg2
9.Kxg2 Be7 10.Nc3 O-O 11.e4 Qc7 12.b3 a6 13.Bb2 d6 14.Rad1 Nbd7 15.Qe2 Rfe8
16.Rfe1 Bf8 17.h3 Rab8 18.Nf3 Qb7 19.Ba3 Qc6 20.Qe3 Rbc8 21.Nd4 Qc7 22.Bb2 Qb7
23.Kh2 g6

[Event "Aut_2.Bundesliga_Ost_2004/05"]
[Site "Eichgraben(1+2) Wien(3+4) Wien"]
[Date "2004.11.20"]
[Round "3"]
[Board "4"]
[White "Pachta, Paul"]
[Black "Hechl, Gerald"]
[Result "1/2-1/2"]
[WhiteElo "2159"]
[BlackElo "2252"]
[PlyCount "25"]

1.Nf3 d6 2.d4 Nf6 3.c4 Nbd7 4.g3 e5 5.Bg2 c6 6.O-O Be7 7.Qc2 Qc7 8.Rd1 Nf8 9.Nc3
Ng6 10.e4 O-O 11.h3 Bd7 12.Be3 Qc8 13.Kh2

[Event "Aut_2.Bundesliga_Ost_2004/05"]
[Site "Eichgraben(1+2) Wien(3+4) Wien"]
[Date "2004.11.20"]
[Round "3"]
[Board "5"]
[White "Wanderer, Thomas"]
[Black "Vitouch, Anatol"]
[Result "1/2-1/2"]
[WhiteElo "2206"]
[BlackElo "2185"]
[PlyCount "47"]

1.e4 e6 2.d3 c5 3.Nf3 Nc6 4.g3 Nge7 5.Bg2 g6 6.Be3 d6 7.O-O Bg7 8.c3 b6 9.Qd2
O-O 10.Bh6 e5 11.Bxg7 Kxg7 12.d4 Qc7 13.Na3 a6 14.Nc2 Bg4 15.Nh4 Rad8 16.Rae1
cxd4 17.cxd4 d5 18.exd5 Nxd5 19.Bxd5 Rxd5 20.Ne3 Rxd4 21.Nef5+ Bxf5 22.Nxf5+
gxf5 23.Qg5+ Kh8 24.Qf6+

[Event "Aut_2.Bundesliga_Ost_2004/05"]
[Site "Eichgraben(1+2) Wien(3+4) Wien"]
[Date "2004.11.20"]
[Round "3"]
[Board "6"]
[White "Goetz, Alexander"]
[Black "Wandl, Werner"]
[Result "1-0"]
[WhiteElo "2189"]
[BlackElo "2128"]
[PlyCount "81"]

1.c4 e5 2.g3 g6 3.Bg2 Bg7 4.Nc3 d6 5.e3 Nc6 6.Nge2 Be6 7.d3 Qd7 8.Rb1 Bh3 9.O-O
h5 10.Bxh3 Qxh3 11.f3 Nge7 12.b4 O-O 13.b5 Nd8 14.Nd5 Qd7 15.Qb3 Ne6 16.Bd2 Nf5
17.Nec3 c6 18.Nb4 Nc5 19.Qa3 a5 20.bxa6 Nxa6 21.Nxa6 Rxa6 22.Qb3 Rb8 23.a4 Bh6
24.Ne4 Kg7 25.f4 b6 26.Bc3 f6 27.c5 Nxe3 28.fxe5 Nxf1 29.e6 Nd2 30.Bxf6+ Kh7
31.Nxd2 Qa7 32.e7 d5 33.Nf3 Be3+ 34.Kg2 Bxc5 35.Ng5+ Kg8 36.Rc1 Re8 37.d4 Rxe7
38.Bxe7 Bxe7 39.Qd3 Kg7 40.Ne6+ Kf7 41.Nf4

[Event "Aut_2.Bundesliga_Ost_2004/05"]
[Site "Eichgraben(1+2) Wien(3+4) Wien"]
[Date "2004.11.20"]
[Round "3"]
[Board "1"]
[White "Plachetka, Jan"]
[Black "Markos, Jan"]
[Result "0-1"]
[WhiteElo "2435"]
[BlackElo "2454"]
[PlyCount "74"]

1.d4 Nf6 2.c4 e6 3.Nc3 Bb4 4.e3 O-O 5.Bd3 c5 6.Nge2 d5 7.cxd5 cxd4 8.exd4 Nxd5
9.Qc2 h6 10.O-O Nc6 11.a3 Bd6 12.Rd1 Nce7 13.Ng3 b6 14.Qe2 Bb7 15.Qg4 f5 16.Qe2
Qd7 17.Bb5 Bc6 18.Bxc6 Nxc6 19.Nxd5 exd5 20.Qf3 Ne7 21.Ne2 f4 22.Bd2 Qf5 23.Rac1
Rad8 24.Nc3 Bb8 25.h3 h5 26.Nb5 Ng6 27.Be1 Qg5 28.h4 Nxh4 29.Qh3 f3 30.g3 Nf5
31.Nc7 Nxd4 32.Rxd4 Qxc1 33.Qe6+ Kh8 34.Rh4 Rf6 35.Rxh5+ Rh6 36.Rxh6+ Qxh6
37.Qe7 Qf6

[Event "Aut_2.Bundesliga_Ost_2004/05"]
[Site "Eichgraben(1+2) Wien(3+4) Wien"]
[Date "2004.11.20"]
[Round "3"]
[Board "2"]
[White "Lipka, Juraj"]
[Black "Staudner, Oliver"]
[Result "1-0"]
[WhiteElo "2387"]
[BlackElo "2392"]
[PlyCount "55"]

1.d4 d5 2.Nf3 Nc6 3.g3 Nf6 4.Bg2 e6 5.O-O a6 6.b3 Be7 7.c4 O-O 8.Bb2 b6 9.Nbd2
Bb7 10.Ne5 Nxe5 11.dxe5 Nd7 12.Qc2 Qb8 13.cxd5 exd5 14.e4 dxe4 15.Nxe4 Nc5
16.Rad1 Re8 17.Rfe1 Qc8 18.Nxc5 Bxc5 19.Bxb7 Qxb7 20.e6 Re7 21.Rd7 Rf8 22.Rxe7
Bxe7 23.Qf5 fxe6 24.Qxe6+ Rf7 25.Re4 Bd6 26.Qe8+ Bf8 27.Bxg7 Qd5 28.Bxf8

[Event "Aut_2.Bundesliga_Ost_2004/05"]
[Site "Eichgraben(1+2) Wien(3+4) Wien"]
[Date "2004.11.20"]
[Round "3"]
[Board "3"]
[White "Bukacek, Emil"]
[Black "Alvir, Aco"]
[Result "1/2-1/2"]
[WhiteElo "2240"]
[BlackElo "2381"]
[PlyCount "25"]

1.e4 c5 2.Nc3 e6 3.f4 d5 4.Nf3 a6 5.d3 g6 6.g3 Bg7 7.Bg2 Ne7 8.O-O Nbc6 9.h3 O-O
10.Qe1 Nd4 11.Qf2 b6 12.Nd1 Ra7 13.Nh4

[Event "Aut_2.Bundesliga_Ost_2004/05"]
[Site "Eichgraben(1+2) Wien(3+4) Wien"]
[Date "2004.11.20"]
[Round "3"]
[Board "4"]
[White "Smolen, Jan"]
[Black "Schumi, Manfred"]
[Result "1/2-1/2"]
[WhiteElo "2334"]
[BlackElo "2225"]
[PlyCount "96"]

1.e4 c5 2.Nf3 d6 3.d4 cxd4 4.Nxd4 Nf6 5.Nc3 a6 6.Bg5 e6 7.f4 Be7 8.Qf3 h6 9.Bh4
Qc7 10.O-O-O Nbd7 11.Bd3 g5 12.fxg5 Ne5 13.Qe2 Nfg4 14.Nf3 Nxf3 15.gxf3 hxg5
16.Bg3 Ne5 17.h4 gxh4 18.Rh3 Bd7 19.Rdh1 Ng6 20.Qd2 O-O-O 21.Bf2 Bf6 22.f4 Bc6
23.f5 Bxc3 24.Qxc3 exf5 25.Qb4 fxe4 26.Bxe4 Bxe4 27.Qxe4 d5 28.Qf5+ Kb8 29.Qf6
Rc8 30.Rc3 Qf4+ 31.Qxf4+ Nxf4 32.Rf3 Ng6 33.Rxf7 Ne5 34.Rf5 Nd3+ 35.Kd2 Nxf2
36.Rxf2 Rcg8 37.Rh3 Rg3 38.Rxg3 hxg3 39.Rf1 Rg8 40.Rg1 Kc7 41.Ke3 Kd6 42.Kf3 Ke5
43.Rxg3 Rxg3+ 44.Kxg3 Ke4 45.Kf2 Kf4 46.Ke2 Ke4 47.Kd2 Kd4 48.c3+ Ke4

[Event "Aut_2.Bundesliga_Ost_2004/05"]
[Site "Eichgraben(1+2) Wien(3+4) Wien"]
[Date "2004.11.20"]
[Round "3"]
[Board "5"]
[White "Poecksteiner, Johann"]
[Black "Kuthan, Andreas"]
[Result "1/2-1/2"]
[WhiteElo "2197"]
[BlackElo "2235"]
[PlyCount "38"]

1.e4 e6 2.Nf3 d5 3.Nc3 Nf6 4.e5 Nfd7 5.d4 c5 6.dxc5 Nc6 7.Bf4 Bxc5 8.Bd3 f6
9.exf6 Nxf6 10.O-O O-O 11.Ne5 Ne4 12.Bxe4 Rxf4 13.Nd3 Bxf2+ 14.Rxf2 Rxf2
15.Bxh7+ Kxh7 16.Qh5+ Kg8 17.Nxf2 Bd7 18.Rd1 Be8 19.Qg4 Qf6

[Event "Aut_2.Bundesliga_Ost_2004/05"]
[Site "Eichgraben(1+2) Wien(3+4) Wien"]
[Date "2004.11.20"]
[Round "3"]
[Board "6"]
[White "Eder, Martin"]
[Black "Rogetzer, Klaus"]
[Result "1/2-1/2"]
[WhiteElo "2197"]
[BlackElo "2124"]
[PlyCount "33"]

1.e4 d6 2.d4 Nf6 3.Nc3 g6 4.Nf3 Bg7 5.Be2 O-O 6.O-O Bg4 7.h3 Bxf3 8.Bxf3 e5
9.dxe5 dxe5 10.Bg5 c6 11.Qxd8 Rxd8 12.Rad1 Na6 13.Rxd8+ Rxd8 14.Rd1 Rxd1+
15.Bxd1 Nc5 16.Be3 Bf8 17.Bf3

[Event "Aut_2.Bundesliga_Ost_2004/05"]
[Site "Eichgraben(1+2) Wien(3+4) Wien"]
[Date "2004.11.20"]
[Round "3"]
[Board "1"]
[White "Polak, Thomas"]
[Black "Varga, Zoltan"]
[Result "1/2-1/2"]
[WhiteElo "2466"]
[BlackElo "2538"]
[PlyCount "43"]

1.d4 d5 2.c4 dxc4 3.Nf3 a6 4.a4 Nc6 5.e3 Na5 6.Nbd2 e6 7.Nxc4 Nxc4 8.Bxc4 Nf6
9.O-O c5 10.Qe2 cxd4 11.Rd1 Be7 12.Nxd4 Bd7 13.e4 O-O 14.e5 Nd5 15.Bxd5 exd5
16.e6 Be8 17.Bf4 Bf6 18.exf7+ Rxf7 19.Be5 Be7 20.Rac1 Bd7 21.b3 Qe8 22.Rc3

[Event "Aut_2.Bundesliga_Ost_2004/05"]
[Site "Eichgraben(1+2) Wien(3+4) Wien"]
[Date "2004.11.20"]
[Round "3"]
[Board "2"]
[White "Hagara, Eduard"]
[Black "Chytilek, Roman"]
[Result "1/2-1/2"]
[WhiteElo "2398"]
[BlackElo "2424"]
[PlyCount "88"]

1.e4 c5 2.Nf3 e6 3.d4 cxd4 4.Nxd4 Bc5 5.Nb3 Bb6 6.Nc3 Ne7 7.Bg5 O-O 8.Qd2 f5
9.exf5 Rxf5 10.Be3 Nbc6 11.Bd3 Rf8 12.O-O-O d5 13.Bxb6 Qxb6 14.f4 a5 15.Bb5 Nf5
16.a4 Nb4 17.Rhe1 Nd6 18.Nd4 Nxb5 19.Ncxb5 Bd7 20.g3 Rac8 21.Re3 Bxb5 22.axb5
Qxd4 23.Qxd4 Nxc2 24.Kb1 Nxd4 25.Rxd4 Rfe8 26.f5 exf5 27.Rxe8+ Rxe8 28.Rxd5 Rf8
29.b6 g6 30.Rxa5 Rf6 31.Rb5 Rc6 32.Rd5 Rxb6 33.Rd7 g5 34.Kc2 Rh6 35.Rxb7 Rxh2+
36.Kd3 Rf2 37.Ke3 Rf1 38.Ke2 Rg1 39.Kf2 Rc1 40.Rb5 Rc2+ 41.Kf3 h6 42.Rxf5 Rxb2
43.Kg4 Kg7 44.Ra5 Rb3

[Event "Aut_2.Bundesliga_Ost_2004/05"]
[Site "Eichgraben(1+2) Wien(3+4) Wien"]
[Date "2004.11.20"]
[Round "3"]
[Board "3"]
[White "Groetz, Harald"]
[Black "Stranz, Richard"]
[Result "1-0"]
[WhiteElo "2299"]
[BlackElo "2272"]
[PlyCount "35"]

1.e4 e6 2.d4 d5 3.Nd2 dxe4 4.Nxe4 Nd7 5.Nf3 Ngf6 6.Bd3 c5 7.O-O Nxe4 8.Bxe4 Nf6
9.Bg5 cxd4 10.Nxd4 Be7 11.Bf3 O-O 12.Re1 Qa5 13.Bf4 Rd8 14.c3 Nd5 15.Be5 Qb6
16.Qe2 Nf6 17.Nf5 Bf8 18.Nh6+

[Event "Aut_2.Bundesliga_Ost_2004/05"]
[Site "Eichgraben(1+2) Wien(3+4) Wien"]
[Date "2004.11.20"]
[Round "3"]
[Board "4"]
[White "Krpelan, Wolfgang"]
[Black "Hangweyrer, Manfred"]
[Result "0-1"]
[WhiteElo "2246"]
[BlackElo "2347"]
[PlyCount "182"]

1.e4 d5 2.exd5 Qxd5 3.Nc3 Qd6 4.d4 Nf6 5.Nf3 a6 6.Bd3 Bg4 7.h3 Bh5 8.Ne4 Nxe4
9.Bxe4 Nc6 10.O-O e6 11.c3 Be7 12.Re1 Bg6 13.Bg5 Bxe4 14.Rxe4 Qd5 15.Qe2 Bxg5
16.c4 Qd8 17.d5 Bf6 18.dxc6 bxc6 19.Rd1 Qb8 20.Ne5 Bxe5 21.Rxe5 O-O 22.Re3 Rd8
23.Red3 Rd6 24.c5 Rd5 25.Rxd5 cxd5 26.Rd4 Qb5 27.Qc2 Rb8 28.b3 g6 29.Qc3 Qe2
30.Qa5 c6 31.Qc7 Rf8 32.Ra4 e5 33.Qxc6 d4 34.Qf3 Qe1+ 35.Kh2 e4 36.Qf4 d3 37.Rd4
Qa1 38.Qxe4 Qxa2 39.Qxd3 Qxf2 40.c6 Qf6 41.Rd6 Qe5+ 42.Qg3 Qa5 43.c7 Rc8 44.Rd7
Kg7 45.Qd6 Qc3 46.b4 Qf6 47.Qg3 Qc6 48.Qe5+ Qf6 49.Qe4 Rxc7 50.Rxc7 Qd6+ 51.Kh1
Qxc7 52.Qd4+ f6 53.Qd5 Qc1+ 54.Kh2 Qf4+ 55.Kh1 Qxb4 56.Qd7+ Kh6 57.Qc8 a5
58.Qc1+ g5 59.Qc6 Qe1+ 60.Kh2 Qe5+ 61.Kh1 Kg6 62.Qc2+ Qf5 63.Qc6 Qe5 64.Qc2+ Kg7
65.Qc6 h5 66.Qd7+ Kg6 67.Qc8 Qd5 68.Qe8+ Qf7 69.Qa8 Qc7 70.Qe8+ Kg7 71.h4 Qc1+
72.Kh2 Qf4+ 73.Kg1 Qd4+ 74.Kf1 Qd1+ 75.Kf2 Qd4+ 76.Kf1 Qc4+ 77.Kg1 gxh4 78.Qxh5
a4 79.Qa5 Qc1+ 80.Kh2 Qf4+ 81.Kh1 Qc1+ 82.Kh2 a3 83.Qa4 Qc7+ 84.Kh1 Qg3 85.Qd7+
Kh6 86.Qe8 Qb3 87.Qf8+ Kg6 88.Qe8+ Kg5 89.Qc6 Qb1+ 90.Kh2 a2 91.Qd5+ Kh6

[Event "Aut_2.Bundesliga_Ost_2004/05"]
[Site "Eichgraben(1+2) Wien(3+4) Wien"]
[Date "2004.11.20"]
[Round "3"]
[Board "5"]
[White "Sadilek, Maximilian"]
[Black "Ranits, Franz"]
[Result "0-1"]
[WhiteElo "2152"]
[BlackElo "2272"]
[PlyCount "64"]

1.e4 Nf6 2.Nc3 d5 3.e5 Ne4 4.Nxe4 dxe4 5.d4 exd3 6.Bxd3 Nc6 7.f4 Nb4 8.Be4 Qxd1+
9.Kxd1 Bg4+ 10.Nf3 O-O-O+ 11.Ke2 f5 12.Bd3 Nxd3 13.cxd3 e6 14.Be3 Rd5 15.Rac1
Be7 16.Rc4 a6 17.Rhc1 c6 18.Bc5 Bxc5 19.Rxc5 Rhd8 20.Rxd5 Rxd5 21.Ke3 Bxf3
22.gxf3 g5 23.fxg5 Rxe5+ 24.Kf4 Re2 25.h4 Kd7 26.Rb1 Ke7 27.h5 Rd2 28.g6 hxg6
29.hxg6 Rg2 30.Rh1 Kf6 31.Rh7 e5+ 32.Ke3 f4+

[Event "Aut_2.Bundesliga_Ost_2004/05"]
[Site "Eichgraben(1+2) Wien(3+4) Wien"]
[Date "2004.11.20"]
[Round "3"]
[Board "6"]
[White "Galavics, Hermann"]
[Black "Schmid, Thomas"]
[Result "1/2-1/2"]
[WhiteElo "2098"]
[BlackElo "2128"]
[PlyCount "49"]

1.d4 Nf6 2.c4 g6 3.Nc3 Bg7 4.e4 d6 5.Bd3 O-O 6.Nge2 Nc6 7.O-O Nd7 8.Be3 e5 9.d5
Nd4 10.Bb1 Nxe2+ 11.Qxe2 f5 12.exf5 gxf5 13.f3 Rf7 14.Bc2 Nf8 15.Rad1 Ng6 16.g3
Qf8 17.Qg2 Bh6 18.Bxh6 Qxh6 19.Qd2 f4 20.Bxg6 Qxg6 21.g4 h5 22.h3 Rh7 23.Qg2
hxg4 24.hxg4 Bd7 25.Ne4

[Event "Aut_2.Bundesliga_Ost_2004/05"]
[Site "Eichgraben(1+2) Wien(3+4) Wien"]
[Date "2004.11.20"]
[Round "3"]
[Board "1"]
[White "Volkmann, Friedrich Karl"]
[Black "Likavsky, Tomas"]
[Result "0-1"]
[WhiteElo "2454"]
[BlackElo "2449"]
[PlyCount "142"]

1.e4 c5 2.Nf3 e6 3.b3 Nf6 4.e5 Nd5 5.Bb2 Nc6 6.g3 Be7 7.c4 Nc7 8.Nc3 O-O 9.Ne4
d5 10.exd6 Bxd6 11.d4 cxd4 12.Nxd6 Qxd6 13.Nxd4 e5 14.Nf3 Qf6 15.Bg2 Bg4 16.O-O
Ne6 17.Qd3 Rad8 18.Qe4 Bf5 19.Qe3 Ned4 20.Nxd4 Nxd4 21.Bxb7 Nc2 22.Qxa7 Nxa1
23.Rxa1 Rd2 24.Bc3 Rc2 25.Qe3 Rd8 26.Bxe5 Qg6 27.Bc7 Rf8 28.Bf3 h5 29.h4 f6
30.b4 Re8 31.Qd4 Kh7 32.b5 Bg4 33.Bd5 Ree2 34.b6 Rxf2 35.Qxf2 Rxf2 36.Kxf2 Qc2+
37.Kg1 Qc3 38.Rf1 Bh3 39.Rf3 Qd2 40.Rb3 Bf5 41.Rf3 Qe1+ 42.Kg2 Be4 43.b7 Qd2+
44.Kg1 Bxd5 45.cxd5 Qc1+ 46.Kg2 Qb2+ 47.Rf2 Qxb7 48.Bf4 Qxd5+ 49.Kg1 g5 50.hxg5
fxg5 51.Bd2 Kg6 52.Kh2 Qxa2 53.Be1 Qe6 54.Rf1 Qe2+ 55.Kg1 h4 56.gxh4 gxh4 57.Ba5
Qe3+ 58.Kh1 Qe4+ 59.Kg1 Qd4+ 60.Rf2 Qa1+ 61.Kg2 Qxa5 62.Kh3 Kg5 63.Rg2+ Kf4
64.Rf2+ Ke3 65.Rf8 Qg5 66.Kh2 Qe5+ 67.Kh1 Qd5+ 68.Kg1 h3 69.Rf2 Qd1+ 70.Rf1 Qg4+
71.Kh2 Qg2#

[Event "Aut_2.Bundesliga_Ost_2004/05"]
[Site "Eichgraben(1+2) Wien(3+4) Wien"]
[Date "2004.11.20"]
[Round "3"]
[Board "2"]
[White "Manik, Mikulas"]
[Black "Schroll, Gerhard"]
[Result "1/2-1/2"]
[WhiteElo "2510"]
[BlackElo "2364"]
[PlyCount "35"]

1.e4 e5 2.Nf3 Nf6 3.Nxe5 d6 4.Nf3 Nxe4 5.d4 d5 6.Bd3 Be7 7.O-O Nc6 8.c4 Nb4
9.Be2 Bf5 10.Ne5 O-O 11.a3 Nc6 12.Nxc6 bxc6 13.c5 Bg5 14.Nd2 Re8 15.Ba6 Qf6
16.Nb3 Qg6 17.Na5 Re6 18.Bxg5

[Event "Aut_2.Bundesliga_Ost_2004/05"]
[Site "Eichgraben(1+2) Wien(3+4) Wien"]
[Date "2004.11.20"]
[Round "3"]
[Board "3"]
[White "Neulinger, Manfred"]
[Black "Plank, Franz"]
[Result "1/2-1/2"]
[WhiteElo "2304"]
[BlackElo "2305"]
[PlyCount "51"]

1.e4 d5 2.exd5 Qxd5 3.Nc3 Qe5+ 4.Be2 c6 5.Nf3 Qc7 6.h3 Nf6 7.O-O Nbd7 8.d4 e6
9.Bd3 Be7 10.Bg5 b6 11.Re1 Bb7 12.Ne5 O-O 13.Qe2 c5 14.Nb5 Qc8 15.Rad1 cxd4
16.Nxd4 Nxe5 17.Qxe5 Nd7 18.Qg3 Bxg5 19.Qxg5 Qc6 20.Qg3 Rfd8 21.Nb3 Qc8 22.Be4
Bxe4 23.Rxe4 Nf6 24.Rxd8+ Qxd8 25.Rd4 Qe7 26.c3

[Event "Aut_2.Bundesliga_Ost_2004/05"]
[Site "Eichgraben(1+2) Wien(3+4) Wien"]
[Date "2004.11.20"]
[Round "3"]
[Board "4"]
[White "Achs, Reinhold"]
[Black "Wiedner, Robert"]
[Result "0-1"]
[WhiteElo "2166"]
[BlackElo "2216"]
[PlyCount "100"]

1.b3 d5 2.Bb2 Nf6 3.g3 Bf5 4.Bg2 Nbd7 5.Nf3 c6 6.d3 h6 7.O-O e6 8.h3 Be7 9.c4
O-O 10.Nc3 Nh7 11.cxd5 exd5 12.e4 dxe4 13.dxe4 Bg6 14.Qe2 Qa5 15.Nd2 f6 16.Qg4
Ne5 17.Qe6+ Rf7 18.Nc4 Nxc4 19.Qxc4 Qc5 20.Qe2 Nf8 21.Rac1 Qa5 22.Rfd1 Re8 23.f4
Bc5+ 24.Kh2 Bb6 25.Rd2 Rfe7 26.a3 Bf7 27.b4 Qh5 28.Bf3 Qg6 29.a4 Bc7 30.b5 Rd7
31.Rxd7 Nxd7 32.bxc6 bxc6 33.Nd1 Bb6 34.Rxc6 Bd5 35.Rd6 Bxe4 36.Bg4 Bf5 37.Qc4+
Kh8 38.Bxf5 Qxf5 39.Rd2 Re1 40.Qc8+ Kh7 41.Nf2 Bxf2 42.Rxf2 Qd5 43.Qc2+ Kg8
44.Rg2 Nc5 45.Bc3 Rd1 46.Bd2 Ra1 47.Be3 Nd3 48.Qc8+ Kh7 49.Qc3 Ne1 50.Rf2 Qg2+

[Event "Aut_2.Bundesliga_Ost_2004/05"]
[Site "Eichgraben(1+2) Wien(3+4) Wien"]
[Date "2004.11.20"]
[Round "3"]
[Board "5"]
[White "Posch, Werner"]
[Black "Allacher, Erwin"]
[Result "1/2-1/2"]
[WhiteElo "2170"]
[BlackElo "2147"]
[PlyCount "72"]

1.e4 c5 2.Nc3 Nc6 3.g3 g6 4.Bg2 Bg7 5.d3 e6 6.Be3 b6 7.Qd2 h6 8.Nge2 Nge7 9.O-O
d6 10.d4 Ba6 11.Rfd1 Na5 12.b3 Rc8 13.Rac1 Qc7 14.a4 e5 15.dxe5 dxe5 16.Nd5 Nxd5
17.exd5 Qd6 18.f4 Bxe2 19.Qxe2 O-O 20.Qd2 h5 21.Rf1 f5 22.fxe5 Bxe5 23.Bf4 Rfe8
24.Rce1 Bxf4 25.Rxf4 Rxe1+ 26.Qxe1 Kf7 27.Qf2 Re8 28.h3 Qe5 29.g4 hxg4 30.hxg4
Qe1+ 31.Bf1 Qxf2+ 32.Kxf2 Kf6 33.gxf5 gxf5 34.Bd3 Re5 35.d6 Ke6 36.d7 Kxd7

[Event "Aut_2.Bundesliga_Ost_2004/05"]
[Site "Eichgraben(1+2) Wien(3+4) Wien"]
[Date "2004.11.20"]
[Round "3"]
[Board "6"]
[White "Leber, Franz"]
[Black "Todor, Razvan"]
[Result "1-0"]
[WhiteElo "2119"]
[BlackElo "2158"]
[PlyCount "77"]

1.d4 d6 2.Nf3 Bg4 3.c4 Nd7 4.Nc3 Bxf3 5.exf3 g6 6.f4 Bg7 7.Be2 c6 8.O-O Nh6
9.Re1 Nf5 10.d5 c5 11.Bg4 Nd4 12.Nb5 Nxb5 13.cxb5 Bf6 14.Qc2 Qa5 15.Qe2 Qc7
16.Bd2 Nb6 17.Ba5 Bd4 18.Rac1 f5 19.Bf3 Qd7 20.b3 Rf8 21.h4 Bf6 22.g3 Nc8 23.Bc3
Rb8 24.h5 b6 25.hxg6 hxg6 26.a4 Kd8 27.Kg2 Kc7 28.Rh1 Rb7 29.Qe6 Bxc3 30.Rxc3
Qxe6 31.dxe6 Rb8 32.Bd5 Rf6 33.Rcc1 a6 34.Rh7 Rb7 35.Rch1 axb5 36.axb5 Ra7
37.Rg7 Ra5 38.Rh8 Na7 39.Rxe7#

[Event "Aut_2.Bundesliga_Ost_2004/05"]
[Site "Eichgraben(1+2) Wien(3+4) Wien"]
[Date "2004.11.20"]
[Round "3"]
[Board "1"]
[White "Sommerbauer, Norbert"]
[Black "Pingitzer, Harald"]
[Result "1-0"]
[WhiteElo "2419"]
[BlackElo "2389"]
[PlyCount "43"]

1.Nf3 d5 2.c4 c6 3.d4 e6 4.e3 Nf6 5.Bd3 Nbd7 6.Nbd2 Bd6 7.O-O O-O 8.e4 dxe4
9.Nxe4 Nxe4 10.Bxe4 Nf6 11.Bc2 c5 12.Qd3 cxd4 13.Bg5 g6 14.Qxd4 Be7 15.Qh4 Re8
16.Rad1 Nd7 17.Ba4 f6 18.Qe4 Qb6 19.Bxd7 Bxd7 20.Rxd7 fxg5 21.Rxb7 Qd6 22.Ne5

[Event "Aut_2.Bundesliga_Ost_2004/05"]
[Site "Eichgraben(1+2) Wien(3+4) Wien"]
[Date "2004.11.20"]
[Round "3"]
[Board "2"]
[White "Sandhu, Mario"]
[Black "Schweda, Roland"]
[Result "0-1"]
[WhiteElo "2314"]
[BlackElo "2410"]
[PlyCount "92"]

1.e4 c5 2.Nf3 d6 3.Nc3 Nf6 4.e5 dxe5 5.Nxe5 e6 6.Bb5+ Nbd7 7.d4 a6 8.Bxd7+ Nxd7
9.Qh5 g6 10.Qf3 Qf6 11.Qxf6 Nxf6 12.Bg5 Nd5 13.Nxd5 exd5 14.Bf6 Rg8 15.O-O-O Be6
16.Rhe1 Rc8 17.dxc5 Bxc5 18.Re2 Bd6 19.Nd3 Kd7 20.Kb1 Rge8 21.Be5 Bf5 22.Rde1
Bxd3 23.cxd3 Bb4 24.Bc3 Rxe2 25.Rxe2 Bxc3 26.bxc3 Rxc3 27.Re3 d4 28.Rf3 Ke6
29.g4 f6 30.Rh3 Rc7 31.f4 b5 32.Rh6 Kd5 33.h4 Kc5 34.Kb2 Kb4 35.h5 Rg7 36.a3+
Ka4 37.g5 f5 38.hxg6 hxg6 39.Rh8 Re7 40.Rd8 Re2+ 41.Kc1 Kxa3 42.Rxd4 Re6 43.Rd5
Kb4 44.Kd2 a5 45.Rd8 a4 46.d4 a3

[Event "Aut_2.Bundesliga_Ost_2004/05"]
[Site "Eichgraben(1+2) Wien(3+4) Wien"]
[Date "2004.11.20"]
[Round "3"]
[Board "3"]
[White "Kummer, Helmut"]
[Black "Hofbauer, Martin"]
[Result "1/2-1/2"]
[WhiteElo "2350"]
[BlackElo "2334"]
[PlyCount "50"]

1.d4 d5 2.c4 e6 3.Nc3 Be7 4.Nf3 Nf6 5.Bg5 h6 6.Bh4 O-O 7.e3 b6 8.Rc1 Bb7 9.Bxf6
Bxf6 10.cxd5 exd5 11.Qb3 c6 12.Bd3 Nd7 13.O-O Re8 14.Rfd1 Nf8 15.a3 Ne6 16.Bb1
Ng5 17.Ne5 Bxe5 18.dxe5 Rxe5 19.f4 Rxe3 20.fxg5 Qxg5 21.Qc2 g6 22.Qf2 Rae8
23.Rf1 f5 24.Ba2 Kg7 25.Rcd1 R8e5

[Event "Aut_2.Bundesliga_Ost_2004/05"]
[Site "Eichgraben(1+2) Wien(3+4) Wien"]
[Date "2004.11.20"]
[Round "3"]
[Board "5"]
[White "Kremsner, Andreas"]
[Black "Hansen, Kay"]
[Result "1/2-1/2"]
[WhiteElo "2207"]
[BlackElo "2208"]
[PlyCount "56"]

1.d4 d5 2.Nf3 c6 3.e3 Bf5 4.c4 e6 5.Nc3 Nd7 6.Bd3 Bxd3 7.Qxd3 Ngf6 8.O-O Be7
9.e4 dxe4 10.Nxe4 Nxe4 11.Qxe4 O-O 12.Bd2 a5 13.Rad1 Nb6 14.Qe2 Bf6 15.Be3 Qc7
16.Rd2 Rfd8 17.Ng5 Nd7 18.Ne4 Be7 19.Rfd1 Nf6 20.Nc3 Rd7 21.Qf3 a4 22.h3 Qa5
23.Rd3 Rad8 24.a3 Qa6 25.d5 e5 26.Ne4 cxd5 27.Nxf6+ Bxf6 28.Rxd5 Qe6

[Event "Aut_2.Bundesliga_Ost_2004/05"]
[Site "Eichgraben(1+2) Wien(3+4) Wien"]
[Date "2004.11.20"]
[Round "3"]
[Board "6"]
[White "Schwab, Rene"]
[Black "Steinwender, Peter"]
[Result "1-0"]
[WhiteElo "2268"]
[BlackElo "2140"]
[PlyCount "127"]

1.e4 c5 2.Nf3 d6 3.Bb5+ Nd7 4.O-O Ngf6 5.Re1 a6 6.Bf1 Ne5 7.h3 Nxf3+ 8.Qxf3 e5
9.c3 Be6 10.Na3 Be7 11.Nc2 O-O 12.d3 Ne8 13.d4 cxd4 14.cxd4 Rc8 15.Bd3 Bg5
16.Qg3 Bxc1 17.Rexc1 Qa5 18.b4 Qc7 19.Qe3 Qc3 20.b5 axb5 21.a3 Bc4 22.Bxc4 Rxc4
23.Qxc3 Rxc3 24.dxe5 dxe5 25.Ne3 Rb3 26.Nf5 g6 27.Ne7+ Kg7 28.f3 Nd6 29.Rd1 Nc4
30.Rd7 Ra8 31.Rxb7 Raxa3 32.Rxa3 Nxa3 33.Nc6 Nc4 34.Nd8 Nd6 35.Rd7 Rb1+ 36.Kh2
Nc4 37.Rxf7+ Kg8 38.Rc7 Rd1 39.Ne6 Rd6 40.Rg7+ Kh8 41.Re7 Kg8 42.Nc5 h5 43.Kg3
Kf8 44.Rb7 Rd2 45.Ne6+ Ke8 46.Rxb5 Ne3 47.Rxe5 Rxg2+ 48.Kf4 Nf1 49.Ng5+ Kf8
50.Re6 Kg7 51.Re7+ Kf8 52.Rc7 Ng3 53.Nh7+ Ke8 54.Nf6+ Kf8 55.e5 Ne2+ 56.Ke4 Ng3+
57.Kd5 Nf5 58.Nh7+ Ke8 59.Ra7 Rg3 60.Ke4 Rxh3 61.e6 Rg3 62.Rd7 h4 63.Nf6+ Kf8
64.Rf7#